JLL support financial and asset management though a bespoke ESG valuation model (Record no. 122088)
[ view plain ]
| 000 -LEADER | |
|---|---|
| fixed length control field | 00949nam a22001817a 4500 |
| 008 - FIXED-LENGTH DATA ELEMENTS--GENERAL INFORMATION | |
| fixed length control field | 250117e20231120xxk|||||o|||| 00| 0 eng d |
| 041 ## - LANGUAGE CODE | |
| Language code of text/sound track or separate title | eng |
| 110 ## - MAIN ENTRY--CORPORATE NAME | |
| Corporate author | Royal Institution of Chartered Surveyors |
| 245 ## - TITLE STATEMENT | |
| Title | JLL support financial and asset management though a bespoke ESG valuation model |
| 260 ## - PUBLICATION INFORMATION | |
| Publisher | Royal Institution of Chartered Surveyors, |
| Date | 20 November 2023 |
| 520 ## - ABSTRACT | |
| Abstract | COP28 case study. Challenges, solutions and outcomes of a team instructed by a multinational investor who wanted to implement a decarbonisation strategy while understanding the risks and opportunities the strategy represented to asset values in their portfolio. |
| 650 ## - KEYWORDS | |
| Keywords | DECARBONISATION |
| 650 ## - KEYWORDS | |
| Keywords | ESG |
| 690 ## - BROAD SUBJECT | |
| Broad subject | Built Environment |
| 9 (RLIN) | 6307 |
| 710 ## - ADDED CORPORATE NAME | |
| Added corporate author | Royal Institution of Chartered Surveyors |
| 856 ## - ONLINE RESOURCE | |
| Uniform Resource Identifier | <a href="https://www.rics.org/news-insights/jll-support-financial-and-asset-management-though-a-bespoke-esg-">https://www.rics.org/news-insights/jll-support-financial-and-asset-management-though-a-bespoke-esg-</a> |
| Public note | Available free on RICS.org |
| 942 ## - ADDED ENTRY ELEMENTS (KOHA) | |
| Suppress in OPAC | Do not suppress in OPAC |
| Lost status | Damaged status | Not for loan | Current library | Shelving location | Date acquired | Total Checkouts | Date last seen | Price effective from | Koha item type |
|---|---|---|---|---|---|---|---|---|---|
| Virtual | Online | 17/01/2025 | 17/01/2025 | 17/01/2025 | News article |